000 005740000a22001810004500
003 MACL
005 20160506121912.0
008 160506b xxu||||| |||| 00| 0 eng d
040 _aMACL
_cMACL
041 _aHindi
082 _a800
100 _aविवेकानन्‍द, स्‍वामी
_936998
245 _aपत्रावली
_cस्‍वामी विवेकानन्‍द
260 _bरामकृष्‍ण मठ
_c2005
_aनागपुर
350 _a100
650 _aLiterature
_955434
942 _cHIN
_k800/VIV/L
_2ddc
999 _c19169
_d19169